Premises, health and safety handbook 2010 (Record no. 110677)
[ view plain ]
| 000 -LEADER | |
|---|---|
| fixed length control field | 02026cam a22002415a 4500 |
| 001 - CONTROL NUMBER | |
| control field | L149901 |
| 008 - FIXED-LENGTH DATA ELEMENTS--GENERAL INFORMATION | |
| fixed length control field | 100513s2010 xxk f 000 0 eng d |
| 020 ## - INTERNATIONAL STANDARD BOOK NUMBER | |
| International Standard Book Number | 9781905766673 |
| 035 ## - SYSTEM CONTROL NUMBER | |
| System control number | (Sirsi) u149901 |
| 041 0# - LANGUAGE CODE | |
| Language code of text/sound track or separate title | eng |
| 050 04 - LIBRARY OF CONGRESS CALL NUMBER | |
| Classification number | 344.41065 $1 8 |
| 110 2# - MAIN ENTRY--CORPORATE NAME | |
| Corporate name or jurisdiction name as entry element | Workplace Law Group |
| 9 (RLIN) | 4840 |
| 245 00 - TITLE STATEMENT | |
| Title | Premises, health and safety handbook 2010 |
| 260 ## - PUBLICATION, DISTRIBUTION, ETC. | |
| Place of publication, distribution, etc. | Dubai |
| Name of publisher, distributor, etc. | Workplace Law Group |
| Date of publication, distribution, etc. | 2010. |
| 300 ## - PHYSICAL DESCRIPTION | |
| Extent | 630p. |
| Dimensions | 20 cm. |
| 505 2# - FORMATTED CONTENTS NOTE | |
| Formatted contents note | Editor's introduction -- The contributors -- Accessible environments -- Accident investigations -- Alcohol and drugs -- Asbestos -- Batteries -- Biological hazards -- Bombs alerts -- Boundaries and party walls -- BREEAM -- Building regulations -- Business countinuity management -- Business rates -- Buying and selling property -- Comment: carbon in the downturn -- CCTV monitoring -- Climate change -- COMAH: dangerous substances -- Copetence and the 'responsible person' -- Construction site health and safety -- Contaminated land -- Contractors -- Corporate manslaughter -- COSHH: hazardous materials -- Workplace deaths -- Dilapidations -- Electricity and electrical equipment -- Energy performance -- Fire - means of escape -- Fire safety in non- domestic premises -- Glass and glazing -- Health and safety at work -- Health and safety consultaton -- Health and safety enforcement -- Health and safety inspections -- Health and safety management -- Health and safety policies -- Landlord and tenant : lease issues -- Landlord and tenant :possession issues -- Lift safety -- Lighting -- Manual handling -- Mental health --Noise at work -- Occupational health -- Planning procedures -- Slips, trips and falls. |
| 520 ## - SUMMARY, ETC. | |
| Summary, etc. | This book keeps workplace professionals up to date with latest changes to law and best practice for premises, health and safety. Includes guidance for workplace managers on law, regulations, policy and practice. |
| 521 ## - TARGET AUDIENCE NOTE | |
| Target audience note | Advanced |
| 651 #4 - SUBJECT ADDED ENTRY--GEOGRAPHIC NAME | |
| Geographic name | United Kingdom |
| Chronological subdivision | |
| 690 ## - LOCAL SUBJECT ADDED ENTRY--TOPICAL TERM (OCLC, RLIN) | |
| Topical term or geographic name as entry element | Health and safety |
| 9 (RLIN) | 6244 |
| 700 1# - ADDED ENTRY--PERSONAL NAME | |
| Personal name | Davies, Alex |
| 942 ## - ADDED ENTRY ELEMENTS (KOHA) | |
| Suppress in OPAC | 0 |
| Withdrawn status | Lost status | Source of classification or shelving scheme | Damaged status | Not for loan | Home library | Current library | Shelving location | Date acquired | Total Checkouts | Full call number | Barcode | Date last seen | Copy number | Price effective from | Koha item type |
|---|---|---|---|---|---|---|---|---|---|---|---|---|---|---|---|
| Dewey Decimal Classification | London | London | Books | 13/05/2010 | 344.41065 WOR | 30075453 | 06/08/2019 | 1 | 06/08/2019 | Book |